01149nam a2200229 a 4500008004100000020001500041050001800056100002000074245004900094246005500143250001200198260003000210300002100240350000900261650002100270650003100291995015100322995016600473999001700639952012700656952013600783120416s2001 ||||||||||||||||| || u a0240516540 aTK 7881.4 Dig aVercammen, Marc10aDigital audio technologycedited by Jan Maes aa guide to CD, minidisc, SACD, DVD(A), MP3 and DAT a4th ed. aOxfordbFocal Pressc2001 axv, 342p. : ill. a0.00 7aTECHNOLOGY2fast aDIGITAL--AUDIO--TECHNOLOGY aANNEX COLLECTION (Main Library)D0.00e734916FCBU-MAIN LIBRARY (Kitwe)H1I20.00jTK 7881.4 DigM1UAVAILABLEy38387ZAnnex Low-Usage Collection  aMAIN LIBRARY OPEN ACCESSD0.00e734917FCBU-MAIN LIBRARY (Kitwe)H2I20.00jTK 7881.4 DigM1UAVAILABLEWApr 25, 2007y38386ZMain Library Open Access Collection c63549d63549 00102lcc4070a001b001cAnnex Low-Usage Collectiond2022-12-27l0oTK 7881.4 Digp38387r2022-12-27t1w2022-12-27y002 00102lcc4070a001b001cMain Library Open Access Collectiond2022-12-27l0oTK 7881.4 Digp38386r2022-12-27t2w2022-12-27y002